Impact OF Urbanization On Sociability (Record no. 365804)
[ view plain ]
| 000 -LEADER | |
|---|---|
| fixed length control field | 00571nam a22001817a 4500 |
| 005 - DATE AND TIME OF LATEST TRANSACTION | |
| control field | 20250327155441.0 |
| 008 - FIXED-LENGTH DATA ELEMENTS--GENERAL INFORMATION | |
| fixed length control field | 250327b |||||||| |||| 00| 0 eng d |
| 041 ## - LANGUAGE CODE | |
| Language code of text/sound track or separate title | eng |
| 082 ## - DEWEY DECIMAL CLASSIFICATION NUMBER | |
| Classification number | 72028 |
| Item number | BAH |
| 100 ## - MAIN ENTRY--PERSONAL NAME | |
| Author | Bahadure Anuja |
| 245 ## - TITLE STATEMENT | |
| Title | Impact OF Urbanization On Sociability |
| 250 ## - EDITION STATEMENT | |
| Edition statement | Including Ekistics Principle For Sociability In Housing Design |
| 260 ## - PUBLICATION, DISTRIBUTION, ETC. | |
| Place of publication, distribution, etc. | Pune |
| Name of publisher, distributor, etc. | BNCA M Arch Digital Architecture |
| Date of publication, distribution, etc. | may 2022 |
| 300 ## - PHYSICAL DESCRIPTION | |
| Extent | 53pages |
| Other physical details | Hb |
| Dimensions | 21 x 30 |
| 365 ## - TRADE PRICE | |
| Price type code | 150.00 |
| Price amount | INR |
| Currency code | rupaye |
| 500 ## - GENERAL NOTE | |
| Keywords | BNCA-M Arch Digital Architecture Thesis |
| 942 ## - ADDED ENTRY ELEMENTS (KOHA) | |
| Koha item type | Project Reports |
| Withdrawn status | Lost status | Source of classification or shelving scheme | Damaged status | Not for loan | Home library | Current library | Date acquired | Vendor | Net Price | Bill number | Total Checkouts | Full call number | Barcode | Date last seen | Actual Price | Bill Date | Koha item type |
|---|---|---|---|---|---|---|---|---|---|---|---|---|---|---|---|---|---|
| Dewey Decimal Classification | Dr. Bhanuben Nanavati College of Architecture | Dr. Bhanuben Nanavati College of Architecture | 27/03/2025 | M.arch Digital Architecture | 150.00 | 00 | 72028 BAH | BNCA-PR-2283 | 27/03/2025 | 150.00 | Project Reports |